Ведомости с указанием: уездов, фамилий владельцев, числа сделок, высшего надела в местности, количества выкупленной земли, разре...

Доступно только в Электронных читальных залах Найти на картеНа карте
RUSMARC
00003620nmc2a2200000 x 450
001119a8637-982f-4907-a40f-fcfe9ccdc770
00520160106070918.0
100##$a20150317l18611895k l0rusy0189 ca
1010#$arus
102##$aRU
2001#$aВедомости с указанием: уездов, фамилий владельцев, числа сделок, высшего надела в местности, количества выкупленной земли, разрешенной выкупной ссуды, удержанного долга кредитным установлениям, суммы, назначенной к выдаче, и сроков по Харьковской губернии
$j[1861-1895] гг.
251##$cДело
300##$aДело
801#0$aRU
$bРГИА
$c20150317
$gRCR
801#1$aRU
$bГлавНИВЦ
$c20150317
$2rusmarc
801#2$aRU
$bПБ им. Б.Н. Ельцина
$c20160106
$gRCR
$2rusmarc
850##$aРГИА
852##$aРГИА
$eФедеральное казенное учреждение "Российский государственный исторический архив" (РГИА)
$j1609
937##$hРГИА
$d11280370
$aASBIBLIO_SCAN
462#0$10013826a62a-52d3-408e-b545-2019664385f0
$12001
$a1861-1895 гг.
$1251
$cОпись
$1852
$j50
461#0$10018ef30ad5-ff5c-4840-a721-74c62a200f95
$12001
$aГлавное выкупное учреждение Министерства финансов
$1251
$cФонд
$1852
$j577
215##$a9 л.
$d36,5х26 см
371##$aДокумент не является опубликованным и широко распространяемым
105##$aу###
1222#$ad
035##$a119a8637-982f-4907-a40f-fcfe9ccdc770
Формат отображения